000 00475nam a2200169 i 4500
001 33278
003 ES-MaACL
005 20240420063017.0
007 t|
008 030201s1972 sp ||||1| spa d
100 1 _aBergamín, José,
_d1895-1983
_927925
245 1 0 _aDe una España peregrina /
_cJosé Bergamín.
260 _a[Madrid] :
_bAl-Borak,
_c[1972]
300 _a317 p. ;
_c21 cm.
852 _aES-MaACL
_jC-42651
_bR.81448
999 _c33278
_d33278